Sports Quiz

Random Sports or NFL Quiz

Topps Football Cards 1956-2001 Quiz Stats

 Plays Quiz not verified by Sporcle

Challenge
Share
Tweet
Score 0/46 Timer 12:00
0 Plays Today
% Correct
1986
71%
1970
64.5%
1975
64.5%
1982
64.5%
1983
64.5%
1992
64.5%
1973
61.3%
1976
61.3%
1980
61.3%
1981
61.3%
1984
61.3%
1985
61.3%
1971
58.1%
1974
58.1%
1977
58.1%
1978
58.1%
1979
58.1%
1962
54.8%
1965
54.8%
1969
54.8%
1987
54.8%
1968
51.6%
1972
51.6%
% Correct
1990
51.6%
1993
51.6%
1988
48.4%
1995
48.4%
1959
45.2%
1963
45.2%
1964
45.2%
1966
45.2%
1967
45.2%
1994
45.2%
2000
45.2%
1957
41.9%
1958
41.9%
1960
41.9%
1989
41.9%
1956
38.7%
1961
38.7%
1999
38.7%
1991
35.5%
1996
35.5%
1997
32.3%
1998
29%
2001
29%

You're not logged in!

Compare scores with friends on all Sporcle quizzes.
Join for Free
OR
Log In

You Might Also Like...

Show Comments

Extras

Top Quizzes Today


Score Distribution

Your Account Isn't Verified!

In order to create a playlist on Sporcle, you need to verify the email address you used during registration. Go to your Sporcle Settings to finish the process.

Report this User

Report this user for behavior that violates our Community Guidelines.

Details: